00233nam a2200085Ia 4500008004100000082001800041100002000059245004600079300002200125230907s9999||||xx |||||||||||||| ||und|| a621.31922,KAL aKalaga, Sriram, 0aDesign of electrical transmission lines : axlii, 425 pages ;